[Event "BL2 Ost 1617 (Women)"]
[Site "Germany"]
[Date "2016.10.22"]
[Round "1.5"]
[White "Reiss, Josephine"]
[Black "Frehde, Regina"]
[Result "1/2-1/2"]
[WhiteElo "1671"]
[BlackElo "1611"]
[PlyCount "27"]
[EventDate "2016.10.22"]
[EventType "team-tourn"]
[EventRounds "7"]
[EventCountry "GER"]
[SourceTitle "EXT 2018"]
[Source "ChessBase"]
[SourceDate "2017.10.13"]
[SourceVersion "1"]
[SourceVersionDate "2017.10.13"]
[SourceQuality "1"]
[WhiteTeam "Zoerbig Loeberitz (W)"]
[BlackTeam "Potsdam USV (W)"]
[WhiteTeamCountry "GER"]
[BlackTeamCountry "GER"]

1. e4 e6 2. d4 d6 3. Nf3 Nf6 4. Bg5 Be7 5. Nc3 Nbd7 6. Be2 0-0 7. Qd2 e5 8. Rd1 Ng4 9. Nd5 Bxg5 10. Nxg5 Ngf6 11. dxe5 Nxd5 12. exd5 Nxe5 13. Qf4 Ng6 14. Qd2 1/2-1/2

[Event "BL2 Ost 1516 (Women)"]
[Site "Germany"]
[Date "2015.12.06"]
[Round "4.4"]
[White "Reiss, Josephine"]
[Black "Daemering, Katrin"]
[Result "0-1"]
[WhiteElo "1474"]
[BlackElo "2025"]
[PlyCount "46"]
[EventDate "2015.09.26"]
[EventType "team-tourn"]
[EventRounds "7"]
[EventCountry "GER"]
[SourceTitle "EXT 2017"]
[Source "ChessBase"]
[SourceDate "2016.10.25"]
[SourceVersion "1"]
[SourceVersionDate "2016.10.25"]
[SourceQuality "1"]
[WhiteTeam "Loeberitz (W)"]
[BlackTeam "Leipzig Allianz (W)"]
[WhiteTeamCountry "GER"]
[BlackTeamCountry "GER"]

1. e4 c5 2. Nf3 d6 3. d4 cxd4 4. Nxd4 Nf6 5. f3 a6 6. Nc3 e6 7. Be3 Qc7 8. Qd2 Be7 9. 0-0-0 Nc6 10. Kb1 Ne5 11. Be2 0-0 12. h4 b5 13. Nb3 Bd7 14. Qd4 Rfc8 15. f4 Nc6 16. Qd3 Be8 17. Bf3 Rab8 18. g4 b4 19. Ne2 Na5 20. Rc1 Bb5 21. Qd2 Nc4 22. Qd4 e5 23. Qd3 Na3+ 0-1

[Event "BL2 Ost 1415 (Women)"]
[Site "Germany"]
[Date "2015.03.29"]
[Round "7.6"]
[White "Seils, Gudula"]
[Black "Reiss, Josephine"]
[Result "1/2-1/2"]
[WhiteElo "2056"]
[BlackElo "1449"]
[PlyCount "21"]
[EventDate "2014.09.27"]
[EventType "team-tourn"]
[EventRounds "7"]
[EventCountry "GER"]
[SourceTitle "CBM 166 Extra"]
[Source "ChessBase"]
[SourceDate "2015.06.18"]
[SourceVersion "1"]
[SourceVersionDate "2015.06.18"]
[SourceQuality "1"]
[WhiteTeam "Berlin Rotation (W)"]
[BlackTeam "Loeberitz (W)"]
[WhiteTeamCountry "GER"]
[BlackTeamCountry "GER"]

1. c4 e6 2. Nc3 Nf6 3. Nf3 Be7 4. g3 0-0 5. Bg2 Nc6 6. e4 d5 7. e5 Ne4 8. cxd5 Nxc3 9. dxc3 Qxd5 10. Qxd5 exd5 11. 0-0 1/2-1/2

[Event "BL2 Ost 1415 (Women)"]
[Site "Germany"]
[Date "2015.03.28"]
[Round "6.6"]
[White "Reiss, Josephine"]
[Black "Schnabel, Luise"]
[Result "1/2-1/2"]
[WhiteElo "1449"]
[BlackElo "1369"]
[PlyCount "84"]
[EventDate "2014.09.27"]
[EventType "team-tourn"]
[EventRounds "7"]
[EventCountry "GER"]
[SourceTitle "CBM 166 Extra"]
[Source "ChessBase"]
[SourceDate "2015.06.18"]
[SourceVersion "1"]
[SourceVersionDate "2015.06.18"]
[SourceQuality "1"]
[WhiteTeam "Loeberitz (W)"]
[BlackTeam "Berlin Empor (W)"]
[WhiteTeamCountry "GER"]
[BlackTeamCountry "GER"]

1. e4 e5 2. Nf3 Nc6 3. Bc4 Nf6 4. d4 exd4 5. Nxd4 Nxe4 6. Nxc6 bxc6 7. Qe2 Qe7 8. 0-0 d5 9. Re1 Nd6 10. Qd2 Be6 11. Bd3 g6 12. Qc3 Kd7 13. Qxh8 f6 14. Bd2 c5 15. Nc3 Qf7 16. Bg5 Ne8 17. Bxg6 hxg6 18. Bf4 g5 19. Bxg5 fxg5 20. Qe5 Bd6 21. Qxg5 Qh7 22. h3 Qxc2 23. Re2 Qd3 24. Rd1 Qa6 25. Qe3 Bh2+ 26. Kxh2 d4 27. Qd2 Qd6+ 28. Kg1 dxc3 29. Qc2 Bd5 30. bxc3 c4 31. Qa4+ c6 32. Qc2 Qf6 33. Rde1 Nd6 34. Qh7+ Bf7 35. h4 Rh8 36. Qb1 Qxh4 37. f3 Qh1+ 38. Kf2 Qh4+ 39. Kg1 Qh1+ 40. Kf2 Qh4+ 41. Kg1 Qh1+ 42. Kf2 Qh4+ 1/2-1/2